[Event "8th Open"]
[Site "La Fere FRA"]
[Date "2009.07.06"]
[Round "4"]
[White "Noiroux,K"]
[Black "Konguvel,P"]
[Result "1-0"]
[WhiteElo "2145"]
[BlackElo "2419"]

1.d4 Nf6 2.c4 g6 3.Nc3 d5 4.cxd5 Nxd5 5.e4 Nxc3 6.bxc3 Bg7 7.Bg5 c5 8.Rc1 O-O
9.Nf3 Bg4 10.d5 Qd6 11.Qb3 b6 12.Nd2 Bc8 13.Be2 Ba6 14.Bxa6 Nxa6 15.O-O Nc7
16.Nc4 Qd7 17.Bf4 Rfe8 18.Ne5 Qd6 19.Nxg6 Qxg6 20.Bxc7 Qxe4 21.c4 Rac8 22.Qa4 Qf5
23.Qxa7 Qd7 24.Bxb6 Qxa7 25.Bxa7 Bd4 26.Rb1 Rc7 27.Bb6 Rd7 28.Rb5 Ra8 29.Bxc5 Bxc5
30.Rxc5 Rxa2 31.Rb1 e6 32.g3 Rc2 33.Rd1 exd5 34.Rcxd5 Rc7 35.Rg5+ Kf8 36.Rd8+ Ke7
37.Rh8 R7xc4 38.Rxh7 Kf6 39.Rgh5 Rd2 40.Rh4 Rc1+ 41.Kg2 Rc7 42.Rf4+ Kg6 43.Rh8 Kg7
44.Rh5 Rd6 45.Rg5+ Kf8 46.h4 Rd1 47.Rgf5 Kg7 48.h5 Rd6 49.g4 f6 50.Re4 Kh6
51.Re8 Kg7 52.Ra8 Rd4 53.Kg3 Rd6 54.Rfa5 Rdd7 55.R8a6 Rc3+ 56.f3 Rcc7 57.Rf5 Rf7
58.Rd5 Rb7 59.Rd8 Rfc7 60.Raa8 Rb3 61.Rg8+ Kf7 62.Raf8+ Ke6 63.Rg6 Rf7 64.Re8+ Kd5
65.Kf4 Rb5 66.h6 Rbb7 67.Kf5 Rb3 68.Rg7  1-0

[Event "XI Open"]
[Site "Torredembarra ESP"]
[Date "2009.07.06"]
[Round "3"]
[White "Ivanov,Jo"]
[Black "Khaidorov,V"]
[Result "1-0"]
[WhiteElo "2431"]
[BlackElo "2274"]

1.d4 Nf6 2.c4 g6 3.Nc3 d5 4.cxd5 Nxd5 5.e4 Nxc3 6.bxc3 Bg7 7.Bc4 c5 8.Ne2 Nc6
9.Be3 O-O 10.O-O Bg4 11.f3 Bd7 12.Rc1 Rc8 13.dxc5 Na5 14.Bb3 Qc7 15.Qe1 Rfd8
16.Qf2 Bf8 17.Kh1 e6 18.Qh4 Bxc5 19.Bg5 Re8 20.Ng3 Bf8 21.e5 Bg7 22.Ne4 Qxe5
23.Rfe1 Qc7 24.Nf6+ Bxf6 25.Bxf6 Qc5 26.Re5 Qa3 27.Qh6  1-0

[Event "XXXII Open"]
[Site "Barbera ESP"]
[Date "2009.07.08"]
[Round "5"]
[White "Mihailovs,J"]
[Black "Fluvia Poyatos,Jor"]
[Result "1/2-1/2"]
[WhiteElo "2408"]
[BlackElo "2449"]

1.d4 Nf6 2.c4 g6 3.Nc3 d5 4.cxd5 Nxd5 5.e4 Nxc3 6.bxc3 Bg7 7.Bc4 c5 8.Ne2 Nc6
9.Be3 O-O 10.O-O Bd7 11.Rb1 Qc7 12.Bf4 Qc8 13.Bd5 e6 14.Bb3 Rd8 15.Bg5 Re8
16.Qd2 Na5 17.Rfc1 Bc6 18.f3 b6 19.dxc5 bxc5 20.Qd6 Bb5 21.c4 Nb7 22.Qd2 Bc6
23.Qc2 h6 24.Be3 Rd8 25.Ba4 Kh7 26.Rd1 Rxd1+ 27.Rxd1 Qe8 28.Bxc6 Qxc6 29.Qb3 a6
30.Rb1 Na5 31.Qa3 Nxc4 32.Qxc5 Qa4 33.Rb7 Qxa2 34.Rxf7 Qxe2 35.Rxg7+ Kh8
36.Rh7+ Kxh7 37.Qe7+ Kh8 38.Qf6+ Kh7 39.Qf7+ Kh8 40.Qf6+  1/2-1/2

[Event "19th Heart of Finland Open"]
[Site "Jyvaskyla FIN"]
[Date "2009.07.08"]
[Round "2"]
[White "Gladyszev,O"]
[Black "Hartio,I"]
[Result "1-0"]
[WhiteElo "2447"]
[BlackElo "2106"]

1.d4 Nf6 2.c4 g6 3.Nc3 d5 4.cxd5 Nxd5 5.e4 Nxc3 6.bxc3 Bg7 7.Nf3 c5 8.Rb1 Nc6
9.d5 Bxc3+ 10.Bd2 Bxd2+ 11.Qxd2 Nd4 12.Nxd4 cxd4 13.Bb5+ Bd7 14.Bxd7+ Qxd7
15.Qxd4 O-O 16.O-O b6 17.e5 Rfd8 18.Rbd1 Rac8 19.Rd2 Rc5 20.Rfd1 Rdc8 21.h3 Rc4
22.Qe3 Kg7 23.d6 Rc1 24.Rxc1 Rxc1+ 25.Kh2 Rc8 26.Qd4 Kg8 27.f4 exd6 28.exd6 Re8
29.Rc2 Rd8 30.Re2 Qc6 31.Rd2 Qd7 32.Qf6 Re8 33.f5 gxf5 34.Rd3 f4 35.Rd5 h6
36.Qxh6 Re6 37.Rg5+ Rg6 38.Rxg6+ fxg6 39.Qxg6+ Kf8 40.Qf6+ Ke8 41.Qxf4 b5
42.Qe4+ Kf7 43.Qh7+ Ke6 44.Qxd7+ Kxd7 45.Kg3 b4 46.Kf2 a5 47.Ke2  1-0

[Event "IM"]
[Site "Saint-Lo FRA"]
[Date "2009.07.09"]
[Round "4"]
[White "Coursaget,N"]
[Black "Lagarde,Max"]
[Result "0-1"]
[WhiteElo "2339"]
[BlackElo "2352"]

1.d4 Nf6 2.c4 g6 3.Nc3 d5 4.cxd5 Nxd5 5.e4 Nxc3 6.bxc3 Bg7 7.Bc4 c5 8.Ne2 O-O
9.O-O Nc6 10.Be3 Qc7 11.Rc1 Rd8 12.Bf4 Qd7 13.dxc5 Qe8 14.Bd5 Bd7 15.Qd3 e6
16.Bxc6 Bxc6 17.Bd6 b6 18.Qe3 Bb7 19.e5 Qc6 20.f3 bxc5 21.c4 Rd7 22.Kh1 Qa6
23.Nc3 Rc8 24.Qe2 Qa5 25.Rfd1 Rcd8 26.h4 Rxd6  0-1

[Event "ch-SWE"]
[Site "Kungsor SWE"]
[Date "2009.07.10"]
[Round "12"]
[White "Tikkanen,H"]
[Black "Ernst,T"]
[Result "1-0"]
[WhiteElo "2425"]
[BlackElo "2414"]

1.d4 Nf6 2.c4 g6 3.Nc3 d5 4.cxd5 Nxd5 5.e4 Nxc3 6.bxc3 Bg7 7.Bc4 c5 8.Ne2 Nc6
9.Be3 O-O 10.O-O Bg4 11.f3 Na5 12.Bd3 cxd4 13.cxd4 Be6 14.Rc1 Bxa2 15.Qa4 Be6
16.d5 Bd7 17.Qb4 e6 18.Nc3 exd5 19.Nxd5 Be6 20.Rfd1 Bxd5 21.exd5 Re8 22.Bf2 Bf8
23.Qb2 Bd6 24.Bd4 f5 25.Kf1 Qh4 26.g3 Qh3+ 27.Kg1 f4 28.Bf1 Qh6 29.g4 b6
30.Bb5 Re7 31.Re1 Qg5 32.Kg2 Rf8 33.Bh8 Qh4 34.Re6 Nb7 35.Rce1 Rc7 36.Bc6 Nc5
37.Bf6 g5 38.Qe2 Nxe6 39.Qxe6+ Rcf7 40.Bc3 Be7 41.d6  1-0

[Event "12th Open"]
[Site "Malaga ESP"]
[Date "2009.07.11"]
[Round "1"]
[White "Goetzee,R"]
[Black "Mogranzini,R"]
[Result "0-1"]
[WhiteElo "1949"]
[BlackElo "2415"]

1.d4 Nf6 2.c4 g6 3.Nc3 d5 4.cxd5 Nxd5 5.e4 Nxc3 6.bxc3 Bg7 7.Nf3 c5 8.Rb1 O-O
9.Be2 cxd4 10.cxd4 Qa5+ 11.Qd2 Qxd2+ 12.Bxd2 b6 13.O-O Bb7 14.Bd3 Rd8 15.Be3 e6
16.Rbd1 Nc6 17.Bb1 Rac8 18.Rfe1 h6 19.h4 Na5 20.Bf4 Nc4 21.e5 b5 22.Be4 Bxe4
23.Rxe4 Nb6 24.Ree1 Nd5 25.Bd2 Rc2 26.a3 Bf8 27.Rc1 Ra2 28.Ba5 Rb8 29.Bb4 Bxb4
30.axb4 Nxb4 31.Red1 Nd5 32.Nd2 a5 33.Ne4 b4 34.Nc5 b3  0-1

[Event "FSIMA July"]
[Site "Budapest HUN"]
[Date "2009.07.12"]
[Round "9"]
[White "Zentai,P2"]
[Black "Szeberenyi,A"]
[Result "1/2-1/2"]
[WhiteElo "2263"]
[BlackElo "2318"]

1.d4 Nf6 2.c4 g6 3.Nc3 d5 4.cxd5 Nxd5 5.e4 Nxc3 6.bxc3 Bg7 7.Bc4 O-O 8.Ne2 c5
9.O-O Nc6 10.Be3 Bg4 11.f3 Bd7 12.Rb1 a6 13.dxc5 Qc7 14.Qc2 e6 15.Rfd1 Rfc8
16.Qd2  1/2-1/2

[Event "Richard Riordan GM Rapid"]
[Site "Natanya ISR"]
[Date "2009.07.12"]
[Round "1"]
[White "Roiz,M"]
[Black "Avrukh,B"]
[Result "1-0"]
[WhiteElo "2658"]
[BlackElo "2641"]

1.d4 Nf6 2.c4 g6 3.Nc3 d5 4.cxd5 Nxd5 5.e4 Nxc3 6.bxc3 Bg7 7.Be3 c5 8.Qd2 cxd4
9.cxd4 Nc6 10.Rd1 Bg4 11.Be2 Bxe2 12.Nxe2 O-O 13.O-O e6 14.Bh6 Qa5 15.Qe3 Bxh6
16.Qxh6 Qxa2 17.Nf4 Ne7 18.Qg5 f6 19.Qb5 b6 20.Ra1 Qc2 21.Nxe6 Rf7 22.Rfe1 Qc6
23.Qb3 a6 24.Rac1 Qd6 25.e5 Qd5 26.Qxb6 Qb5 27.Nc7 Rd8 28.Qxb5 axb5 29.e6 Rff8
30.Nxb5 Rd5 31.Rc5 Rxc5 32.dxc5 Rc8 33.Rc1 f5 34.f4 Kg7 35.Kf2 Kf6 36.Nd4 Rd8
37.Rc4 Nd5 38.g3 Ra8 39.c6 Ra2+ 40.Ke1 Nc7 41.h4 Ke7 42.Rb4 Kd6 43.Rb8 Ra1+
44.Kd2 Ra2+ 45.Kd3 Ra3+ 46.Kc2 Ra2+ 47.Kb3 Ra1 48.Rd8+ Kc5 49.Rd7 Nxe6 50.Nxe6+ Kxc6  1-0

[Event "ch-SUI"]
[Site "Graechen SUI"]
[Date "2009.07.13"]
[Round "5"]
[White "Kelecevic,N"]
[Black "Regez,M"]
[Result "1-0"]
[WhiteElo "2320"]
[BlackElo "2221"]

1.d4 Nf6 2.c4 g6 3.Nc3 d5 4.cxd5 Nxd5 5.e4 Nxc3 6.bxc3 Bg7 7.Be3 c5 8.Rc1 Qa5
9.Qd2 cxd4 10.cxd4 Qxd2+ 11.Kxd2 O-O 12.Nf3 Rd8 13.Ke1 Nc6 14.d5 Na5 15.Bf4 Bd7
16.Bd3 Rdc8 17.Ke2 b5 18.Ne5 Be8 19.g4 f6 20.Nf3 Bd7 21.h3 Nc4 22.Nd4 f5
23.Nc6 Bxc6 24.dxc6 e5 25.Bg5 h6 26.Bd2 Rxc6 27.exf5 Rd8 28.Be3 gxf5 29.Bxf5 Ra6
30.Rc2 Nxe3 31.fxe3 b4 32.Rb1 Bf8 33.Kf3 Rb6 34.Rc7 a5 35.Ra7 Rb5 36.Ke4 Bg7
37.Rc1 Bf6 38.Be6+ Kh8 39.Rcc7  1-0

[Event "12th Open"]
[Site "Malaga ESP"]
[Date "2009.07.13"]
[Round "4"]
[White "De Francisco y de Diego,F"]
[Black "Escalante Ortega,F"]
[Result "1-0"]
[WhiteElo "2044"]
[BlackElo "1865"]

1.d4 Nf6 2.c4 g6 3.Nc3 d5 4.cxd5 Nxd5 5.e4 Nxc3 6.bxc3 Bg7 7.Nf3 c5 8.Bb5+ Bd7
9.Be2 cxd4 10.cxd4 Nc6 11.Be3 O-O 12.O-O Bg4 13.d5 Ne5 14.Nxe5 Bxe2 15.Qxe2 Bxe5
16.Rad1 Qa5 17.f4 Bg7 18.Rf2 Rfd8 19.Qf3 Rac8 20.e5 Rc3 21.Qe4 Qa3 22.Re2 Rdc8
23.d6 exd6 24.exd6 Rd8 25.Qe7 Rcc8 26.Qxb7 Qa4 27.Red2 Rc2 28.d7 Rxa2 29.Qc7 Bf6
30.Qd6 Rxd2 31.Rxd2 Kg7 32.Qc7 Qe4 33.Kf2 g5 34.fxg5 Be7 35.Qxa7 Qh4+ 36.Kf1 Qxh2
37.Qd4+ Kg8 38.Qe4 Bf8 39.Bb6 Qb8 40.Bxd8 Qxd8 41.Qe8 Qxg5 42.Qxf8+ Kxf8
43.d8=Q+ Qxd8 44.Rxd8+ Kg7 45.Kf2 Kf6 46.Rd5 Kg6 47.Kf3 Kf6 48.Kf4 Kg6 49.g4 Kf6
50.Rd6+ Kg7 51.Kf5 Kg8 52.Kf6  1-0

[Event "Richard Riordan GM Rapid"]
[Site "Natanya ISR"]
[Date "2009.07.13"]
[Round "6"]
[White "Beliavsky,A"]
[Black "Avrukh,B"]
[Result "1-0"]
[WhiteElo "2662"]
[BlackElo "2641"]

1.d4 Nf6 2.c4 g6 3.Nc3 d5 4.cxd5 Nxd5 5.e4 Nxc3 6.bxc3 Bg7 7.Bc4 c5 8.Ne2 Nc6
9.Be3 O-O 10.O-O Bg4 11.f3 Bd7 12.Kh1 Rc8 13.Rc1 Qc7 14.Nf4 Qa5 15.Bb3 Rfd8
16.dxc5 e6 17.Nd3 Be8 18.Qc2 b6 19.Rfd1 Rd7 20.Nb2 Rxd1+ 21.Rxd1 bxc5 22.Nc4 Qxc3
23.Qxc3 Bxc3 24.Nd6 Rb8 25.Bxc5 Bb4 26.Nxe8 Rxe8 27.Bg1 Rc8 28.Rc1 Ne7 29.Rxc8+ Nxc8
30.f4 Ba5 31.g3 Bb6 32.Bxb6 Nxb6 33.Kg2 Kf8 34.Kf2 Ke7 35.Ke3 Nd7 36.Kd4 Nf6
37.e5 Ng4 38.h3 Nf2 39.Ke3 Nxh3 40.Bc4 g5 41.Be2 f5 42.exf6+ Kxf6 43.Bg4 gxf4+
44.gxf4 Ng1 45.Kf2 h5 46.Bxh5 Nh3+ 47.Kg3 Ng1 48.Kg2 Kf5 49.Kxg1 Kxf4 50.Kf2 Ke4
51.Ke2 Kd4 52.Kf3 a5 53.Bg6 a4 54.Kf4 a3 55.Bh7  1-0

[Event "ch-SCO"]
[Site "Edinburgh SCO"]
[Date "2009.07.15"]
[Round "5"]
[White "Mitchell,M"]
[Black "Martin,K"]
[Result "1-0"]
[WhiteElo "2147"]
[BlackElo "1906"]

1.d4 Nf6 2.c4 g6 3.Nc3 d5 4.cxd5 Nxd5 5.e4 Nxc3 6.bxc3 Bg7 7.Nf3 c5 8.Rb1 O-O
9.Be2 Nc6 10.d5 Na5 11.c4 Bg4 12.O-O Qc7 13.Ne1 Bxe2 14.Qxe2 a6 15.Bd2 Rab8
16.e5 b6 17.Nf3 Nb7 18.Rfe1 Rfd8 19.Qe4 h6 20.Bf4 e6 21.dxe6 fxe6 22.Qxg6 Qf7
23.Qxf7+ Kxf7 24.Rxb6 Na5 25.Rxa6 Nxc4 26.Ra7+ Kf8 27.Rc7 Nb2 28.Be3 c4 29.Bd4 Nd3
30.Rf1 Rbc8 31.Rxc8 Rxc8 32.Bc3 Nc5 33.Bb4 Ke8 34.Bxc5 Rxc5 35.Rc1 Bxe5 36.Nxe5 Rxe5
37.Kf1 Rc5 38.Ke2 Kd7 39.Rc2 Kc6 40.Ke3 Kb5 41.Rb2+ Ka4 42.Kd4 c3 43.Rb1 Rc7
44.Kd3 e5 45.Kc2 Rg7 46.g3 Rf7 47.f4 exf4 48.Rf1 f3 49.Kxc3 Re7 50.Rxf3 Re2
51.Rf4+ Ka3 52.Rf6  1-0

[Event "Canadian Open"]
[Site "Edmonton CAN"]
[Date "2009.07.16"]
[Round "6"]
[White "Porper,E"]
[Black "Shirov,A"]
[Result "1/2-1/2"]
[WhiteElo "2448"]
[BlackElo "2732"]

1.d4 Nf6 2.c4 g6 3.Nc3 d5 4.cxd5 Nxd5 5.e4 Nxc3 6.bxc3 Bg7 7.Bc4 c5 8.Ne2 O-O
9.O-O Nc6 10.Be3 Na5 11.Bd3 b6 12.Rb1 cxd4 13.cxd4 Bb7 14.h4 Rc8 15.h5 Nc4
16.Bxc4 Rxc4 17.h6 Bh8 18.Qd3 Ra4 19.Qb3 Qd7 20.Nc3 Ra5 21.d5 Ba6 22.Rfd1 Rc8
23.Rbc1 Qg4 24.f3 Qh4 25.Ne2 Rac5 26.Rxc5 bxc5 27.Nf4 Be5 28.Qa4 Bxf4 29.Bxf4 Be2
30.Qd7 Rf8 31.g3 Qf6 32.e5 Qb6 33.Re1 Bxf3 34.e6 Qb2 35.exf7+ Rxf7 36.Qc8+ Rf8
37.Qe6+ Rf7 38.Qc8+  1/2-1/2

[Event "Richard Riordan GM Blitz"]
[Site "Natanya ISR"]
[Date "2009.07.16"]
[Round "1"]
[White "Roiz,M"]
[Black "Avrukh,B"]
[Result "1/2-1/2"]
[WhiteElo "2658"]
[BlackElo "2641"]

1.d4 Nf6 2.c4 g6 3.Nc3 d5 4.cxd5 Nxd5 5.e4 Nxc3 6.bxc3 Bg7 7.Nf3 c5 8.Be3 Qa5
9.Bd2 O-O 10.Be2 Rd8 11.O-O Bg4 12.Rb1 cxd4 13.cxd4 Qxa2 14.d5 Nd7 15.Rxb7 Nc5
16.Rb4 a5 17.Rc4 Nb3 18.Bg5 Bxf3 19.Bxf3 Bf6 20.Rc2 Qa3 21.Be3 a4 22.Qd3 Qb4
23.Ra2 Rac8 24.Qa6 Ra8 25.Qd3 Rac8 26.Qa6 Ra8  1/2-1/2

[Event "Richard Riordan GM Blitz"]
[Site "Natanya ISR"]
[Date "2009.07.16"]
[Round "12"]
[White "Beliavsky,A"]
[Black "Sutovsky,E"]
[Result "1-0"]
[WhiteElo "2662"]
[BlackElo "2675"]

1.d4 Nf6 2.c4 g6 3.Nc3 d5 4.cxd5 Nxd5 5.e4 Nxc3 6.bxc3 Bg7 7.Bc4 c5 8.Ne2 Nc6
9.Be3 O-O 10.O-O Na5 11.Bd3 b6 12.Qd2 e5 13.dxc5 Be6 14.Rfd1 Qc7 15.cxb6 axb6
16.Qb2 Nc4 17.Bxc4 Qxc4 18.Ng3 h5 19.Qb4 b5 20.a3 Rfc8 21.Bd2 Bf8 22.Qxc4 Rxc4
23.f3 Bc5+ 24.Kf1 Rca4 25.Ke1 Rxa3 26.Nf1 Ra2 27.Rxa2 Rxa2 28.Ne3 h4 29.Ke2 f5
30.exf5 gxf5  1-0

[Event "6th South Wales Int"]
[Site "Treforest WLS"]
[Date "2009.07.16"]
[Round "8"]
[White "Gibson,Ch"]
[Black "Owens,M"]
[Result "1/2-1/2"]
[WhiteElo "1991"]
[BlackElo "1731"]

1.d4 Nf6 2.c4 g6 3.Nc3 d5 4.cxd5 Nxd5 5.e4 Nxc3 6.bxc3 Bg7 7.Nf3 O-O 8.Rb1 c5
9.Be2 Nc6 10.d5 Ne5 11.Nxe5 Bxe5 12.Qd2 Qa5 13.Rb3 Rd8 14.f4 Bg7 15.O-O c4
16.Rb4 b5 17.Kh1 Bb7 18.Bxc4 bxc4 19.Rxb7 Bxc3 20.Qe2 Rdc8 21.Rxe7 Qb4 22.d6 Qxd6
23.Rb7 Qc6 24.Qc2 Bg7 25.Rb1  1/2-1/2

[Event "6th South Wales Int"]
[Site "Treforest WLS"]
[Date "2009.07.16"]
[Round "9"]
[White "Fathallah,J"]
[Black "Salimbeni,G"]
[Result "0-1"]
[WhiteElo "1943"]
[BlackElo "2115"]

1.d4 Nf6 2.c4 g6 3.Nc3 d5 4.cxd5 Nxd5 5.e4 Nxc3 6.bxc3 Bg7 7.Bc4 c5 8.Ne2 Nc6
9.O-O O-O 10.Be3 Na5 11.Bd3 b6 12.dxc5 bxc5 13.Bxc5 Qc7 14.Bd4 e5 15.Be3 Be6
16.Qc2 Nc4 17.Bc1 Qc5 18.Rd1 f5 19.Ng3 f4 20.Nf1 Rfd8 21.Nd2 Nxd2 22.Bxd2 Rac8
23.Be2 Bf8 24.Qa4 Rb8 25.Be1 Rdc8 26.Rab1 Rxb1 27.Rxb1 Qa3 28.Qxa3 Bxa3 29.h3 Rc7
30.Bd1 Kf8 31.Bb3 Rb7 32.Bc2 Rxb1 33.Bxb1 Ke7 34.f3 Kd6 35.h4 h6 36.g3 g5
37.hxg5 hxg5 38.gxf4 gxf4 39.Bh4 Kc6 40.Kf2 Bb2 41.Be7 Bxc3 42.Ba3 Bc4 43.Kg2 Bd4
44.Kh3 Bc5 45.Bc1 Be2 46.Kg4 Bd4 47.Bxf4 exf4 48.Kxf4 Kd6 49.Bc2 a5 50.Bb3 Ke7
51.Kg3 Bd3 52.Bd5 a4 53.f4 Be2 54.e5 Bh5 55.Kh4 Bf7 56.Bxf7 Kxf7 57.Kg4 Ke6
58.Kg5 Bc5 59.Kg4 Kd5 60.Kf5 Be7 61.Kg4 Ke4 62.Kg3 Bc5 63.Kg4 Be3 64.e6 Bc5
65.Kg5 Be7+ 66.Kg4 Bf6 67.Kg3 Kf5 68.Kf3 Kxe6  0-1

[Event "Canadian Open"]
[Site "Edmonton CAN"]
[Date "2009.07.17"]
[Round "7"]
[White "Porper,E"]
[Black "Mikhalevski,V"]
[Result "1-0"]
[WhiteElo "2448"]
[BlackElo "2631"]

1.d4 Nf6 2.c4 g6 3.Nc3 d5 4.cxd5 Nxd5 5.e4 Nxc3 6.bxc3 Bg7 7.Bc4 c5 8.Ne2 Nc6
9.Be3 O-O 10.O-O Bd7 11.Rb1 Qc7 12.Bd3 Rfd8 13.h3 Be8 14.d5 Ne5 15.c4 a6
16.Nc1 Rab8 17.f4 Nd7 18.Qc2 Nb6 19.Ne2 Na4 20.e5 b5 21.Nc3 Nxc3 22.Qxc3 e6
23.Be4 exd5 24.cxd5 c4 25.Bd4 f5 26.exf6 Bf8 27.Be5 Qc5+ 28.Kh1 Rb7 29.f5 Rxd5
30.Bxd5+ Qxd5 31.Rbd1 Qc6 32.Rd8 b4 33.Qg3 c3 34.Bd6 Bxd6 35.Rxd6 Qb5 36.Re1 Rb8
37.Qe3 c2 38.Qe7 Qb7 39.Qxb7 Rxb7 40.Rxe8+ Kf7 41.Rc8  1-0

[Event "ch-SUI"]
[Site "Graechen SUI"]
[Date "2009.07.17"]
[Round "9"]
[White "Steenhuis,J"]
[Black "Paladini,JM"]
[Result "1-0"]
[WhiteElo "2007"]
[BlackElo "2110"]

1.d4 Nf6 2.c4 g6 3.Nc3 d5 4.cxd5 Nxd5 5.e4 Nxc3 6.bxc3 Bg7 7.Nf3 c5 8.Rb1 O-O
9.Be2 cxd4 10.cxd4 Qa5+ 11.Bd2 Qxa2 12.O-O Qe6 13.Bd3 b6 14.d5 Qd7 15.Qe2 Qb7
16.h3 e5 17.Bb4 Re8 18.Rfc1 Bd7 19.Bd6 Rc8 20.Nxe5 Be8 21.f4 Bf8 22.Bxf8 Kxf8
23.Qb2 Nd7 24.Nc6  1-0

[Event "ch-SCO"]
[Site "Edinburgh SCO"]
[Date "2009.07.18"]
[Round "8"]
[White "Morrison,G SCO"]
[Black "Poobalasingam,P"]
[Result "1/2-1/2"]
[WhiteElo "2366"]
[BlackElo "2224"]

1.d4 Nf6 2.c4 g6 3.Nc3 d5 4.cxd5 Nxd5 5.e4 Nxc3 6.bxc3 Bg7 7.Bc4 O-O 8.Ne2 c5
9.O-O Nc6 10.Be3 Bg4 11.f3 cxd4 12.cxd4 Na5 13.Bd3 Be6 14.Rc1 Bxa2 15.Qa4 Bb3
16.Qb4 b6 17.Rc3 Be6 18.Rfc1 Qd6 19.Qxd6 exd6 20.Ba6 f5 21.Nf4 Bf7 22.exf5 gxf5
23.Rc7 d5 24.Bf2 Bh6 25.Bg3 Bg7 26.Bf2 Bh6 27.Bg3 Rfe8 28.Kf2 Bf8 29.Rd7 Red8
30.Rcc7 Rxd7 31.Rxd7 Bg7 32.Ne2 Re8 33.Rxa7 Nc6 34.Rc7 Nxd4 35.Rc8 Rxc8 36.Bxc8 Be6
37.Bxe6+ Nxe6 38.Ke3 Kf7 39.Kd3 Ke7 40.Bf2 b5 41.g4 fxg4 42.fxg4 Kd6 43.h4 b4
44.Nc1 d4 45.Kc4 Ke5 46.Nd3+ Ke4 47.Nxb4 Kf3 48.Nd3 Kxg4 49.Kd5 Nc7+ 50.Kd6 Kf3
51.Kxc7 Ke2 52.Kd6 Kxd3 53.Kd5 h5 54.Bg1 Bh8 55.Bf2 Bf6 56.Bg1 Bxh4 57.Bxd4 Bd8
58.Bf2 Ke2 59.Bg3 Kf3 60.Be1 Bc7 61.Bh4 Bf4 62.Bd8 h4 63.Bxh4  1/2-1/2

[Event "Najdorf Mem Open"]
[Site "Warsaw POL"]
[Date "2009.07.18"]
[Round "1"]
[White "Dziuba,M"]
[Black "Bugajski,R"]
[Result "1-0"]
[WhiteElo "2562"]
[BlackElo "2193"]

1.d4 Nf6 2.c4 g6 3.Nc3 d5 4.cxd5 Nxd5 5.e4 Nxc3 6.bxc3 Bg7 7.Be3 c5 8.Nf3 O-O
9.Be2 b6 10.O-O Bb7 11.Qc2 Na6 12.d5 Nc7 13.Rad1 Qd7 14.Bf4 Rac8 15.c4 Rfe8
16.e5 e6 17.d6 Na6 18.Qd2 Nb8 19.Rfe1 Nc6 20.Bd3 f6 21.exf6 Bxf6 22.Be4 Rcd8
23.Bg3 e5 24.Ng5 Nd4 25.Bxb7 Qxb7 26.Ne4 Bg7 27.Bh4 Rd7 28.Qd3 Rf7 29.Be7 Qd7
30.Ng5 Rf4 31.Re3 h6 32.Ne4 Nf5 33.Qd5+ Kh7 34.Red3 Nxe7 35.dxe7 Qxe7 36.Qc6 Qf7
37.Rd7 Re7 38.g3 Rf5 39.Qc7 Rxd7 40.Rxd7 Qf8 41.Nd6 Rf6 42.Rd8 Rf5 43.Rd7 Rxf2  1-0

[Event "XXVII Andorra Open"]
[Site "Arinsal AND"]
[Date "2009.07.19"]
[Round "2"]
[White "Edouard,R"]
[Black "Massoni,M"]
[Result "1-0"]
[WhiteElo "2597"]
[BlackElo "2291"]

1.d4 Nf6 2.c4 g6 3.Nc3 d5 4.cxd5 Nxd5 5.e4 Nxc3 6.bxc3 Bg7 7.Be3 c5 8.Nf3 Nc6
9.Rc1 cxd4 10.cxd4 Qa5+ 11.Bd2 Qa3 12.d5 Ne5 13.Nxe5 Bxe5 14.Bb5+ Kf8 15.O-O Kg7
16.f4 Bd4+ 17.Kh1 Qb2 18.Rb1 Qxa2 19.Bb4 Be3 20.Qd3  1-0

[Event "Corporation Centre Cup"]
[Site "Izhevsk RUS"]
[Date "2009.07.19"]
[Round "5"]
[White "Sakharov,L"]
[Black "Grebionkin,Vl"]
[Result "1/2-1/2"]
[WhiteElo "2146"]
[BlackElo "2426"]

1.d4 Nf6 2.c4 g6 3.Nc3 d5 4.cxd5 Nxd5 5.e4 Nxc3 6.bxc3 Bg7 7.Nf3 c5 8.Be3 Qa5
9.Qd2 cxd4 10.cxd4 Qxd2+ 11.Kxd2 O-O 12.Rc1 Rd8 13.Bb5 Nc6 14.Ke2 Nxd4+ 15.Nxd4 Bxd4
16.Rhd1 e5 17.Rc7 Be6 18.Rxb7 Bxa2 19.Bxd4 Rxd4 20.Rxd4 exd4 21.Ba6 Be6 22.Rc7 Rb8
23.Rxa7 Rb2+ 24.Kf3 Rb3+ 25.Ke2 Ra3 26.Ra8+ Kg7 27.Bb7 Bc4+ 28.Kd2 Rb3 29.Ba6 Rb2+
30.Kc1 Ra2 31.Bb7 Rxf2 32.e5 d3 33.Rd8 Rc2+ 34.Kd1 Rb2 35.Bf3 Rb5 36.Rd4 Rc5
37.Kd2 Bb5 38.Rd5 Rc2+ 39.Ke3 Rb2 40.Rc5 h5 41.Rc7 Kf8 42.Rc5 Ke7 43.h3 Ke6
44.Bd5+ Kd7 45.Bf3 Ba6 46.Rd5+ Ke7 47.Rd6 Bb7 48.Rxd3 Bxf3 49.Kxf3 Ke6 50.Re3 g5
51.Kg3 h4+ 52.Kf3 Kf5 53.Ra3 Kxe5 54.Ra5+ Kf6 55.Ra6+ Kf5 56.Ra3 Rd2 57.Rb3 f6
58.Ra3 Rd5 59.Rb3 Kg6 60.Kf2 Rd4 61.Rb8 Kf5 62.Rb5+ Kf4 63.Rb3 Rd2+ 64.Kg1 f5
65.Rb4+ Ke3 66.Rb3+ Ke4 67.Rb4+ Rd4 68.Rb8 Ke3 69.Rb3+ Kf4 70.Rb8 Rd3 71.Rb4+ Kg3
72.Rb1 f4 73.Kh1 g4 74.hxg4 h3 75.gxh3 Kxh3 76.g5 Rd6 77.Kg1 Kg3 78.Kf1 f3
79.g6 Rxg6 80.Rb8 Rg7 81.Rc8 Re7 82.Rg8+ Kf4 83.Rf8+ Ke3 84.Rd8 Re4 85.Rf8  1/2-1/2

[Event "XXVII Andorra Open"]
[Site "Arinsal AND"]
[Date "2009.07.20"]
[Round "3"]
[White "Kogan,Ar"]
[Black "Demuth,A"]
[Result "1/2-1/2"]
[WhiteElo "2542"]
[BlackElo "2339"]

1.d4 Nf6 2.c4 g6 3.Nc3 d5 4.cxd5 Nxd5 5.e4 Nxc3 6.bxc3 Bg7 7.Ba3 Nd7 8.Bc4 c5
9.Qb3 O-O 10.Nf3 Rb8 11.e5 e6 12.Bb5 b6 13.Rd1 Qc7 14.O-O a6 15.Be2 Bb7 16.Nd2 b5
17.Qb1 Qa5 18.Qc1 b4 19.Nc4 Qa4 20.Bb2 bxc3 21.Bxc3 Bd5 22.dxc5 Nxc5 23.Ne3  1/2-1/2

[Event "MTO"]
[Site "Biel SUI"]
[Date "2009.07.20"]
[Round "1"]
[White "Kierzek,Ma"]
[Black "Rodshtein,M"]
[Result "0-1"]
[WhiteElo "2158"]
[BlackElo "2623"]

1.d4 Nf6 2.c4 g6 3.Nc3 d5 4.cxd5 Nxd5 5.e4 Nxc3 6.bxc3 Bg7 7.Bc4 c5 8.Ne2 Nc6
9.Be3 O-O 10.O-O Bg4 11.f3 Bd7 12.Rc1 Rc8 13.Qd2 a6 14.Rfd1 Na5 15.Bd3 Ba4
16.Re1 Bb5 17.c4 cxd4 18.cxb5 dxe3 19.Qxe3 Qd6 20.f4 Rcd8 21.Red1 axb5 22.Bxb5 Qb4
23.a4 Nc4 24.Bxc4 Rxd1+ 25.Rxd1 Qxc4 26.a5 Qa4 27.Rd5 e6 28.Rc5 Rd8 29.e5 Bf8
30.Rc7 Qxa5 31.Qc3 Qb6+  0-1

[Event "Najdorf Mem Open"]
[Site "Warsaw POL"]
[Date "2009.07.20"]
[Round "3"]
[White "Matlakov,M"]
[Black "Nedilko,V"]
[Result "1-0"]
[WhiteElo "2550"]
[BlackElo "2414"]

1.d4 Nf6 2.c4 g6 3.Nc3 d5 4.cxd5 Nxd5 5.e4 Nxc3 6.bxc3 Bg7 7.Bc4 c5 8.Ne2 Nc6
9.Be3 O-O 10.O-O Bd7 11.Rb1 Qc7 12.Bd3 e5 13.dxc5 Be6 14.Qa4 Qa5 15.Bb5 Qxa4
16.Bxa4 Na5 17.Rb5 Nc4 18.Rxb7 Nxe3 19.fxe3 Bh6 20.Kf2 Bxa2 21.Bd7 Be6 22.c6 a5
23.Nc1 a4 24.Nd3 a3 25.Ra1 a2 26.Ke2 Bc4 27.Kd2 Ba6 28.Rb2 Bc4 29.c7 Ra6
30.Rb8 Rd6 31.Rxf8+  1-0

[Event "Najdorf Mem Open"]
[Site "Warsaw POL"]
[Date "2009.07.20"]
[Round "3"]
[White "Parczewski,J"]
[Black "Ciechonski,P"]
[Result "1-0"]
[WhiteElo "2023"]
[BlackElo "2122"]

1.d4 Nf6 2.c4 g6 3.Nc3 d5 4.cxd5 Nxd5 5.e4 Nxc3 6.bxc3 Bg7 7.Bc4 c5 8.Ne2 Nc6
9.Be3 O-O 10.O-O Bg4 11.f3 cxd4 12.cxd4 Na5 13.Bd3 Be6 14.d5 Bxa1 15.Qxa1 f6
16.Bh6 Re8 17.Qd4 Nc6 18.dxc6 bxc6 19.Rd1 Qxd4+ 20.Nxd4 Bxa2 21.Nxc6 Kf7
22.Be3 a6 23.Nb4 Be6 24.Nxa6 Rec8 25.Nc5 Ra3 26.Nxe6 Kxe6 27.Kf2 Rcc3 28.Ke2 h5
29.Bd4 Rc6 30.Rd2 Kf7 31.Rc2 Rxc2+ 32.Bxc2 e6 33.f4 h4 34.Bf2 g5 35.h3 Ra2
36.Kd2 Ra3 37.fxg5 fxg5 38.Bd1 Ra2+ 39.Ke3 Kf6 40.Kf3 Ke5 41.Be2 Kf6 42.Bd4+ e5
43.Bf2 Ra3+ 44.Be3 Rc3 45.Bb5 Rc5 46.Bxc5  1-0

[Event "2nd Open"]
[Site "Paleohora GRE"]
[Date "2009.07.22"]
[Round "3"]
[White "Lekic,D"]
[Black "Neverov,V"]
[Result "1/2-1/2"]
[WhiteElo "2394"]
[BlackElo "2561"]

1.d4 Nf6 2.c4 g6 3.Nc3 d5 4.cxd5 Nxd5 5.e4 Nxc3 6.bxc3 Bg7 7.Bc4 c5 8.Ne2 Nc6
9.Be3 O-O 10.O-O Qc7 11.Rc1 Bd7 12.Qd2 Qa5 13.Rfd1 cxd4 14.cxd4 Qxd2 15.Rxd2 Rfc8
16.Rdc2 e6 17.Bb5 a6 18.Bxc6 Rxc6 19.d5 exd5 20.exd5 Rd6 21.Rd2 Bb5 22.Bf4 Rdd8
23.d6 Bf8 24.Nc3 Rac8 25.Rcc2 g5 26.Bg3 Bd7 27.Nd5 Rxc2 28.Rxc2 Bc6 29.Nb4 f5
30.Nxc6 bxc6 31.Rc5 Bxd6 32.Rxf5 Be7 33.Kf1 c5 34.Re5 Kf7 35.Re4 Rc8 36.Ke2 c4
37.Kd2 Bf6 38.f3 Rc5 39.a4 h5 40.Kc2 Rc6 41.h4 gxh4 42.Bxh4 Bg7 43.g4 hxg4
44.fxg4 Kg6 45.Bf2 c3 46.Be3 Bf6 47.Bf2 Kg5 48.a5 Bd8 49.Rd4 Bf6 50.Be3+ Kh4
51.Rb4 Bd8 52.Bb6 Bc7 53.Bxc7 Rxc7 54.Rb6 Kxg4 55.Rxa6 Kf5 56.Rb6 Ke5 57.Rb3 Kd5  1/2-1/2

[Event "Najdorf Mem Open"]
[Site "Warsaw POL"]
[Date "2009.07.22"]
[Round "5"]
[White "Matlakov,M"]
[Black "Malisauskas,V"]
[Result "1-0"]
[WhiteElo "2550"]
[BlackElo "2489"]

1.d4 Nf6 2.c4 g6 3.Nc3 d5 4.cxd5 Nxd5 5.e4 Nxc3 6.bxc3 Bg7 7.Bc4 O-O 8.Ne2 c5
9.O-O Nc6 10.Be3 Bd7 11.Rb1 Qc7 12.Bd3 Na5 13.h3 b6 14.Qc1 Rfd8 15.Bg5 f6
16.Bh4 Be8 17.d5 e5 18.f4 c4 19.Bc2 Rd7 20.fxe5 fxe5 21.Kh1 Rf7 22.Qd2 Nb7
23.Ng1 Nd6 24.Rxf7 Bxf7 25.a4 h6 26.Nf3 g5 27.Bg3 Re8 28.Qe3 Bg6 29.Nd2 Rc8
30.Bf2 Bf8 31.Bd1 Be8 32.h4 gxh4 33.Bxh4 Qg7 34.Be2 Rc7 35.Rf1 Rf7 36.Rxf7 Nxf7
37.Nxc4 Bxa4 38.Qh3 Qg6 39.Qc8 Kg7 40.Bf3 Bb5 41.Ne3 Nd6 42.Qb8 Bd3 43.Qxa7+ Qf7
44.Qxb6 Bxe4 45.Bxe4 Nxe4 46.Qe6 Qxe6 47.dxe6 Bc5 48.Nd5 Bd6 49.g4 Nc5 50.e7 Kf7
51.Kg2 Ne6 52.Kf3 Ng7 53.Ke4 h5 54.g5 Kg6 55.c4 Kf7 56.Bg3 Ke6 57.g6 Ne8
58.Bh4 Bc5 59.Bf6 Nd6+ 60.Kf3 e4+ 61.Kf4 e3 62.g7 Kf7 63.Kf3 Ne8 64.Be5 h4
65.Nxe3 Bxe7 66.Nf5 Bf6 67.Bxf6 Nxf6 68.c5 Ke8 69.c6 Kd8 70.Kg2 Kc7 71.Nd4 Ng8
72.Kh3 Kd8 73.Kxh4 Ke7 74.c7 Kd7 75.Ne6  1-0